000 00997nam a2200265Ia 4500
003 OSt
005 20221005112128.0
006 a|||||r|||| 00| 0
007 ta
008 221004b |||||||| |||| 00| 0 pan d
020 _cINR 250.00
024 _a39194
037 _b234, 17/03/2018, National Book Shop
_cTextual
040 _aCRL
_cCRL
_bpan
041 _2pan
_apan
082 _aO153,6x, Q7
100 _aਫਤਹਿਪੁਰੀ, ਬਲਵਿੰਦਰ ਸਿੰਘ, ਂਚ.
_9556689
245 0 _aਮਤਰੰਏ ਪੁੰਤਰਾਂ ਦੀ ਦਾਸਤਾਨ
260 _aਅੰਮ੍ਰਿਤਸਰ
_bFਿੰਗਾਰਾ ਸਿੰਘ ਭਾਰਤ
_c2017
300 _a120ਪ0
_ccm.
650 _a ਪੰਜਾਬੀ ਨਿਬੰਧ
650 _aਪੰਜਾਬੀ ਸਾਹਿਤ
942 _hO153,6x, Q7
_cTEXL
_2cc
999 _c1023902
_d1023902